00721nam a22001695i 4500001000700000003000900007005001700016008004100033040002000074100002900094245013200123260009500255300002100350500007100371700003900442852007000481156157ES-MaACL20251011165008.0020417s1887 sp |||| | spa d aCAM bspa cCAM1 aJackson Veyán, José.10aAire colado b: humorada cómico-lírica en un acto y en verso / clibro de José Jackson Veyan; música del maestro Nieto. aMadrid : b[s.n.], c1887 (fEstablecimiento tipográfico de M.P. Montoya y compañía) a30 p. ; c20 cm. 1aRepresentada en el Teatro de la Princesa el 12 de febrero de 1887.11aNieto, Manuel, d1844-1915emús. aES-MaACLjF-4093(9) z-- Enc. hol. q-- Falto de la cub. original